| 000 | 00349nam a22001337a 4500 | ||
|---|---|---|---|
| 008 | 230602b xxu||||| |||| 00| 0 eng d | ||
| 020 | _a1853834203 | ||
| 082 |
_a304.6 _bLAS |
||
| 100 | _cFred Pearce | ||
| 245 |
_aCOPING WITH POPULATION CHALLEGES _blouise Lassonde |
||
| 260 |
_aEngland _bEarthscan Publications ltd |
||
| 300 | _a173p | ||
| 942 |
_2ddc _cBK |
||
| 999 |
_c159 _d159 |
||